000 00680nam a22002177a 4500
005 20161006161142.0
010 _aENG-116182
020 _a9788125062875
_c850.00
035 _aEN-99714
037 _bDBAD/PUB
082 _aS
100 _a Hawthorne, Nathaniel
245 _a The scarlet letter and other writings /
_c by Nathaniel Hawthorne edited by Srirupa Chatterjee
260 _c2016
_aNew Delhi
_bOrient Blackswan
270 _a1/24, Asaf Ali Road
_bNew Delhi
_e110002
300 _c22cm(pbk)
_ax,362p.
490 _aOrient Blackswan CRITICAL TEXT
500 _aIncludes bibliographical references
700 _aChatterjee,Srirupa
942 _cEN
_2ddc
_hS
_mHAW
999 _c103908
_d103908